[Event "DVM U20 2020"]
[Site "Willingen GER"]
[Date "2021.06.27"]
[Round "7"]
[White "Irkilmez, Yakub"]
[Black "Kamp, Adrian"]
[Result "1-0"]
[Termination "normal"]
[Board "8.2"]
[WhiteElo "2167"]
[BlackElo "1982"]
[WhiteClock "00:01:22"]
[BlackClock "00:06:47"]
[WhiteTeam "Schachfreunde Essen-Katernberg"]
[BlackTeam "Schachklub Münster 32 e. V."]
[PlyCount "67"]
[WhiteFideId "16204581"]
[BlackFideId "16222466"]
[EventCountry "GER"]
[EventRounds "7"]
[EventType "team-swiss"]
[EventDate "2021.06.23"]

1. c4 {[%clk 01:30:59]} Nf6 {[%clk 01:30:37]} {[%emt 00:00:24]} 2. Nc3 {[%clk
01:27:15]} {[%emt 00:04:14]} d5 {[%clk 01:30:51]} {[%emt 00:00:15]} 3. cxd5
{[%clk 01:27:39]} {[%emt 00:00:07]} Nxd5 {[%clk 01:31:05]} {[%emt 00:00:15]} 4.
g3 {[%clk 01:26:16]} {[%emt 00:01:53]} g6 {[%clk 01:29:10]} {[%emt 00:02:25]}
5. Bg2 {[%clk 01:26:00]} {[%emt 00:00:46]} Nxc3 {[%clk 01:29:21]} {[%emt
00:00:20]} 6. bxc3 {[%clk 01:26:23]} {[%emt 00:00:06]} Bg7 {[%clk 01:26:21]}
{[%emt 00:03:30]} 7. h4 {[%clk 01:26:34]} {[%emt 00:00:19]} c5 {[%clk
01:24:25]} {[%emt 00:02:26]} 8. h5 {[%clk 01:21:25]} {[%emt 00:05:38]} Nc6
{[%clk 01:21:40]} {[%emt 00:03:16]} 9. Rb1 {[%clk 01:15:05]} {[%emt 00:06:50]}
Qc7 {[%clk 01:19:01]} {[%emt 00:03:09]} 10. Nf3 {[%clk 00:52:18]} {[%emt
00:23:16]} Bf5 {[%clk 01:12:59]} {[%emt 00:06:32]} 11. Rb2 {[%clk 00:47:56]}
{[%emt 00:04:52]} Rc8 {[%clk 01:06:31]} {[%emt 00:06:58]} 12. Qb3 {[%clk
00:40:05]} {[%emt 00:08:20]} b6 {[%clk 01:02:24]} {[%emt 00:04:38]} 13. hxg6
{[%clk 00:35:24]} {[%emt 00:05:11]} hxg6 {[%clk 00:55:08]} {[%emt 00:07:45]}
14. Rxh8+ {[%clk 00:34:46]} {[%emt 00:01:09]} Bxh8 {[%clk 00:55:30]} {[%emt
00:00:07]} 15. Ng5 {[%clk 00:32:21]} {[%emt 00:02:55]} Ne5 {[%clk 00:52:30]}
{[%emt 00:03:30]} 16. f4 {[%clk 00:21:58]} {[%emt 00:10:53]} c4 {[%clk
00:51:29]} {[%emt 00:01:32]} 17. Qa4+ {[%clk 00:17:16]} {[%emt 00:05:12]} Bd7
{[%clk 00:48:01]} {[%emt 00:03:57]} 18. Qb4 {[%emt 00:10:10]} Ng4 {[%clk
00:42:19]} 19. Bd5 {[%clk 00:09:37]} {[%emt 00:04:40]} Nh6 {[%clk 00:38:03]}
{[%emt 00:04:46]} 20. Bf3 {[%clk 00:07:54]} {[%emt 00:02:14]} Nf5 {[%clk
00:32:33]} {[%emt 00:06:00]} 21. Ne4 {[%clk 00:07:29]} {[%emt 00:00:55]} b5
{[%clk 00:28:43]} {[%emt 00:04:20]} 22. a4 {[%clk 00:05:15]} {[%emt 00:02:44]}
a5 {[%clk 00:27:12]} {[%emt 00:02:01]} 23. Qa3 {[%clk 00:05:40]} {[%emt
00:00:06]} Qa7 {[%clk 00:19:44]} {[%emt 00:07:57]} 24. e3 {[%clk 00:04:52]}
{[%emt 00:01:18]} b4 {[%clk 00:18:35]} {[%emt 00:01:39]} 25. cxb4 {[%clk
00:05:11]} {[%emt 00:00:11]} Bxb2 {[%clk 00:18:06]} {[%emt 00:00:58]} 26. Qxb2
{[%clk 00:03:01]} {[%emt 00:02:41]} f6 {[%clk 00:15:49]} {[%emt 00:02:47]} 27.
b5 {[%clk 00:03:01]} {[%emt 00:00:30]} c3 {[%clk 00:13:46]} {[%emt 00:02:32]}
28. Qb3 {[%clk 00:02:08]} {[%emt 00:01:24]} Kf8 {[%clk 00:12:39]} {[%emt
00:01:36]} 29. b6 {[%clk 00:00:55]} {[%emt 00:01:42]} Qb8 {[%clk 00:09:58]}
{[%emt 00:03:12]} 30. Nxc3 {[%clk 00:00:36]} {[%emt 00:00:50]} Nxg3 {[%clk
00:08:48]} {[%emt 00:01:39]} 31. Ba3 {[%clk 00:00:47]} {[%emt 00:00:19]} Bc6
{[%clk 00:08:43]} {[%emt 00:00:35]} 32. Qe6 {[%clk 00:00:44]} {[%emt 00:00:33]}
Be8 {[%clk 00:06:33]} {[%emt 00:02:40]} 33. Qxe7+ {[%clk 00:00:59]} {[%emt
00:00:15]} Kg8 {[%clk 00:06:47]} {[%emt 00:00:15]} 34. Bd5+ {[%clk 00:01:22]}
{[%emt 00:00:07]} 1-0

[Event "DVM U20 2020"]
[Site "Willingen GER"]
[Date "2021.06.27"]
[Round "7"]
[White "Toval, David"]
[Black "Gorainow, Nikita"]
[Result "1/2-1/2"]
[Termination "normal"]
[Board "8.3"]
[WhiteElo "1857"]
[BlackElo "1971"]
[WhiteClock "00:06:59"]
[BlackClock "00:03:36"]
[WhiteTeam "Schachklub Münster 32 e. V."]
[BlackTeam "Schachfreunde Essen-Katernberg"]
[PlyCount "74"]
[WhiteFideId "12992755"]
[BlackFideId "12970093"]
[EventCountry "GER"]
[EventRounds "7"]
[EventType "team-swiss"]
[EventDate "2021.06.23"]

1. e4 {[%clk 01:30:55]} {[%emt 00:00:02]} c5 {[%clk 01:30:54]} {[%emt
00:00:06]} 2. Nf3 {[%clk 01:31:19]} {[%emt 00:00:06]} Nc6 {[%clk 01:31:19]}
{[%emt 00:00:05]} 3. d4 {[%clk 01:31:44]} {[%emt 00:00:05]} cxd4 {[%clk
01:31:45]} {[%emt 00:00:05]} 4. Nxd4 {[%clk 01:32:07]} {[%emt 00:00:06]} g6
{[%clk 01:32:10]} {[%emt 00:00:04]} 5. Nc3 {[%clk 01:32:31]} {[%emt 00:00:06]}
Bg7 {[%clk 01:32:34]} {[%emt 00:00:06]} 6. Be3 {[%clk 01:32:55]} {[%emt
00:00:07]} Nf6 {[%clk 01:32:55]} {[%emt 00:00:09]} 7. Bc4 {[%clk 01:32:30]}
{[%emt 00:00:54]} O-O {[%clk 01:33:15]} {[%emt 00:00:11]} 8. Bb3 {[%clk
01:32:44]} {[%emt 00:00:16]} Re8 {[%clk 01:33:11]} {[%emt 00:00:34]} 9. O-O
{[%clk 01:32:37]} {[%emt 00:00:37]} d6 {[%clk 01:27:06]} {[%emt 00:06:35]} 10.
f3 {[%clk 01:31:41]} {[%emt 00:01:26]} Bd7 {[%clk 01:24:29]} {[%emt 00:03:07]}
11. Qd2 {[%clk 01:27:27]} {[%emt 00:04:43]} Nxd4 {[%clk 01:19:23]} {[%emt
00:05:37]} 12. Bxd4 {[%clk 01:27:45]} {[%emt 00:00:12]} Bc6 {[%clk 01:19:30]}
{[%emt 00:00:23]} 13. Nd5 {[%clk 01:25:53]} {[%emt 00:02:21]} Bxd5 {[%clk
01:18:37]} {[%emt 00:01:23]} 14. Bxd5 {[%clk 01:22:39]} {[%emt 00:03:44]} Nxd5
{[%clk 01:18:59]} {[%emt 00:00:09]} 15. exd5 {[%clk 01:21:41]} {[%emt
00:01:28]} Qc7 {[%clk 01:12:47]} {[%emt 00:06:42]} 16. Bxg7 {[%clk 01:17:18]}
{[%emt 00:04:53]} Kxg7 {[%clk 01:13:14]} {[%emt 00:00:03]} 17. Qd4+ {[%clk
01:17:26]} {[%emt 00:00:21]} Kg8 {[%clk 01:13:41]} {[%emt 00:00:04]} 18. c4
{[%clk 01:12:17]} {[%emt 00:05:39]} Rac8 {[%clk 00:58:46]} {[%emt 00:15:25]}
19. b3 {[%clk 01:09:17]} {[%emt 00:03:30]} Qc5 {[%clk 00:58:33]} {[%emt
00:00:43]} 20. Rad1 {[%clk 01:07:54]} {[%emt 00:01:52]} Qa5 {[%clk 00:45:17]}
{[%emt 00:13:46]} 21. Rf2 {[%clk 00:59:53]} {[%emt 00:08:31]} a6 {[%clk
00:45:21]} {[%emt 00:00:26]} 22. Re2 {[%clk 00:44:40]} {[%emt 00:15:43]} b5
{[%clk 00:33:12]} {[%emt 00:12:40]} 23. cxb5 {[%clk 00:44:56]} {[%emt
00:00:13]} axb5 {[%clk 00:30:23]} {[%emt 00:03:20]} 24. a4 {[%clk 00:40:50]}
{[%emt 00:04:36]} bxa4 {[%clk 00:30:00]} {[%emt 00:00:53]} 25. bxa4 {[%clk
00:40:21]} {[%emt 00:00:58]} Rc5 {[%clk 00:26:16]} {[%emt 00:04:15]} 26. Kf2
{[%clk 00:30:46]} {[%emt 00:10:05]} Qa6 {[%clk 00:21:38]} {[%emt 00:05:08]} 27.
Re4 {[%clk 00:22:13]} {[%emt 00:09:02]} f5 {[%clk 00:18:57]} {[%emt 00:03:12]}
28. Rh4 {[%clk 00:16:49]} {[%emt 00:05:54]} e5 {[%clk 00:08:38]} {[%emt
00:10:49]} 29. dxe6 {[%clk 00:13:08]} {[%emt 00:04:11]} Rxe6 {[%clk 00:08:43]}
{[%emt 00:00:25]} 30. Rd2 {[%clk 00:09:30]} {[%emt 00:04:09]} Rce5 {[%clk
00:05:48]} {[%emt 00:03:24]} 31. Qc4 {[%clk 00:06:59]} {[%emt 00:03:00]} Qa7+
{[%clk 00:03:36]} {[%emt 00:02:43]} 32. Rhd4 {[%emt 00:03:35]} Kg7 {[%emt
00:00:10]} 33. Rh4 {[%emt 00:00:23]} Qe7 {[%emt 00:00:05]} 34. Kg3 {[%emt
00:00:08]} Qa7 {[%emt 00:00:06]} 35. Rhd4 {[%emt 00:00:02]} Kg8 {[%emt
00:00:17]} 36. Kf2 Qe7 {[%emt 00:00:09]} 37. Rxd6 {[%emt 00:00:12]} Qa7+ {[%emt
00:00:09]} 1/2-1/2

[Event "DVM U20 2020"]
[Site "Willingen GER"]
[Date "2021.06.27"]
[Round "7"]
[White "Struck, Lasse"]
[Black "Schröder, Lennart"]
[Result "0-1"]
[Termination "normal"]
[Board "8.4"]
[WhiteElo "1751"]
[BlackElo "1906"]
[WhiteClock "00:00:59"]
[BlackClock "00:12:11"]
[WhiteTeam "Schachfreunde Essen-Katernberg"]
[BlackTeam "Schachklub Münster 32 e. V."]
[PlyCount "58"]
[WhiteFideId "16255623"]
[BlackFideId "16222490"]
[EventCountry "GER"]
[EventRounds "7"]
[EventType "team-swiss"]
[EventDate "2021.06.23"]

1. c4 {[%clk 01:30:55]} {[%emt 00:00:04]} Nf6 {[%clk 01:30:48]} {[%emt
00:00:12]} 2. Nc3 {[%clk 01:31:14]} {[%emt 00:00:11]} d5 {[%clk 01:31:07]}
{[%emt 00:00:12]} 3. cxd5 {[%clk 01:31:26]} {[%emt 00:00:18]} Nxd5 {[%clk
01:31:30]} {[%emt 00:00:07]} 4. g3 {[%clk 01:31:42]} {[%emt 00:00:14]} g6
{[%clk 01:31:00]} {[%emt 00:01:00]} 5. Bg2 {[%clk 01:31:54]} {[%emt 00:00:17]}
Nxc3 {[%clk 01:31:11]} {[%emt 00:00:19]} 6. bxc3 {[%clk 01:32:17]} {[%emt
00:00:08]} Bg7 {[%clk 01:31:14]} {[%emt 00:00:26]} 7. h4 {[%clk 01:31:46]}
{[%emt 00:01:01]} c6 {[%clk 01:27:20]} {[%emt 00:04:25]} 8. Rb1 {[%clk
01:28:27]} {[%emt 00:03:49]} Nd7 {[%clk 01:20:57]} {[%emt 00:06:53]} 9. h5
{[%clk 01:26:26]} {[%emt 00:02:30]} Qc7 {[%clk 01:17:51]} {[%emt 00:03:36]} 10.
d4 {[%clk 01:20:51]} {[%emt 00:06:05]} Nb6 {[%clk 01:10:29]} {[%emt 00:07:53]}
11. Nf3 {[%clk 01:00:50]} {[%emt 00:20:31]} Bf5 {[%clk 01:02:35]} {[%emt
00:08:23]} 12. Bf4 {[%clk 00:57:28]} {[%emt 00:03:52]} Qd7 {[%clk 01:01:06]}
{[%emt 00:02:00]} 13. Rc1 {[%clk 00:51:31]} {[%emt 00:06:27]} O-O-O {[%clk
00:55:53]} {[%emt 00:05:42]} 14. Ng5 {[%clk 00:43:35]} {[%emt 00:08:26]} e5
{[%clk 00:52:35]} {[%emt 00:03:49]} 15. dxe5 {[%clk 00:41:17]} {[%emt
00:02:48]} Qe7 {[%clk 00:52:26]} {[%emt 00:00:38]} 16. Qb3 {[%clk 00:40:51]}
{[%emt 00:00:56]} Bxe5 {[%clk 00:46:34]} {[%emt 00:06:22]} 17. Bxe5 {[%clk
00:30:15]} {[%emt 00:11:06]} Qxg5 {[%clk 00:46:12]} {[%emt 00:00:52]} 18. Bf4
{[%clk 00:29:11]} {[%emt 00:01:35]} Qe7 {[%clk 00:45:11]} {[%emt 00:01:30]} 19.
Be3 {[%clk 00:23:37]} {[%emt 00:06:05]} Qc7 {[%clk 00:35:13]} {[%emt 00:10:28]}
20. Rh4 {[%clk 00:19:04]} {[%emt 00:05:02]} Rhe8 {[%clk 00:33:15]} {[%emt
00:02:28]} 21. Rd4 {[%clk 00:14:59]} {[%emt 00:04:36]} Rxd4 {[%clk 00:29:45]}
{[%emt 00:04:00]} 22. cxd4 {[%clk 00:15:12]} {[%emt 00:00:17]} Be4 {[%clk
00:29:39]} {[%emt 00:00:35]} 23. Bh3+ {[%clk 00:14:13]} {[%emt 00:01:29]} f5
{[%clk 00:29:53]} {[%emt 00:00:16]} 24. Bf4 {[%clk 00:13:55]} {[%emt 00:00:48]}
Qe7 {[%clk 00:28:56]} {[%emt 00:01:26]} 25. Rc5 {[%clk 00:09:54]} {[%emt
00:04:32]} Bd5 {[%clk 00:27:26]} {[%emt 00:02:01]} 26. Qc2 {[%clk 00:09:22]}
{[%emt 00:01:01]} Kd8 {[%clk 00:22:48]} {[%emt 00:05:07]} 27. Qd2 {[%clk
00:07:59]} {[%emt 00:01:54]} Qe4 {[%clk 00:21:15]} {[%emt 00:02:03]} 28. Bf1
{[%clk 00:03:14]} {[%emt 00:05:15]} Nc4 {[%clk 00:12:54]} {[%emt 00:08:52]} 29.
Qc1 {[%clk 00:00:59]} {[%emt 00:02:45]} Qxd4 {[%clk 00:12:11]} {[%emt
00:01:12]} 0-1

[Event "DVM U20 2020"]
[Site "Willingen GER"]
[Date "2021.06.27"]
[Round "7"]
[White "Kamp, Aaron"]
[Black "Gallas, Noel"]
[Result "1/2-1/2"]
[Termination "normal"]
[Board "8.5"]
[WhiteElo "1771"]
[BlackElo "1886"]
[WhiteClock "00:34:51"]
[BlackClock "00:01:15"]
[WhiteTeam "Schachklub Münster 32 e. V."]
[BlackTeam "Schachfreunde Essen-Katernberg"]
[PlyCount "74"]
[WhiteFideId "16231120"]
[BlackFideId "16216059"]
[EventCountry "GER"]
[EventRounds "7"]
[EventType "team-swiss"]
[EventDate "2021.06.23"]

1. e4 {[%clk 01:30:57]} {[%emt 00:00:03]} e6 {[%clk 01:30:57]} {[%emt
00:00:04]} 2. d4 {[%clk 01:31:14]} {[%emt 00:00:13]} d5 {[%clk 01:31:23]}
{[%emt 00:00:04]} 3. exd5 {[%clk 01:31:32]} {[%emt 00:00:11]} exd5 {[%clk
01:31:44]} {[%emt 00:00:09]} 4. Nf3 {[%clk 01:31:53]} {[%emt 00:00:09]} Bd6
{[%clk 01:28:34]} {[%emt 00:03:40]} 5. c4 {[%clk 01:31:56]} {[%emt 00:00:27]}
c6 {[%clk 01:27:48]} {[%emt 00:01:17]} 6. Nc3 {[%clk 01:31:57]} {[%emt
00:00:29]} Nf6 {[%clk 01:26:27]} {[%emt 00:01:51]} 7. Bg5 {[%clk 01:30:17]}
{[%emt 00:02:09]} dxc4 {[%clk 01:12:42]} {[%emt 00:14:15]} 8. Bxc4 {[%clk
01:29:57]} {[%emt 00:00:50]} O-O {[%clk 01:12:49]} {[%emt 00:00:24]} 9. O-O
{[%clk 01:29:16]} {[%emt 00:01:11]} h6 {[%clk 00:58:35]} {[%emt 00:14:43]} 10.
Bh4 {[%clk 01:23:14]} {[%emt 00:06:33]} Nbd7 {[%clk 00:55:28]} {[%emt
00:03:36]} 11. Qd3 {[%clk 01:18:38]} {[%emt 00:05:05]} Be7 {[%clk 00:40:56]}
{[%emt 00:15:03]} 12. Rfe1 {[%clk 01:13:42]} {[%emt 00:05:25]} Nb6 {[%clk
00:28:40]} {[%emt 00:12:47]} 13. Bb3 {[%clk 01:13:48]} {[%emt 00:00:24]} Nfd5
{[%clk 00:20:18]} {[%emt 00:08:53]} 14. Nxd5 {[%clk 01:06:18]} {[%emt
00:07:59]} Nxd5 {[%clk 00:15:07]} {[%emt 00:05:42]} 15. Bxd5 {[%clk 01:02:59]}
{[%emt 00:03:48]} Bxh4 {[%clk 00:13:58]} {[%emt 00:01:40]} 16. Nxh4 {[%clk
00:53:54]} {[%emt 00:09:34]} Qxh4 {[%clk 00:10:56]} {[%emt 00:03:32]} 17. Bb3
{[%clk 00:52:00]} {[%emt 00:02:24]} Qf6 {[%clk 00:07:12]} {[%emt 00:04:14]} 18.
Re5 {[%clk 00:48:58]} {[%emt 00:03:32]} Bd7 {[%clk 00:05:28]} {[%emt 00:02:14]}
19. Bc2 {[%clk 00:48:06]} {[%emt 00:01:22]} g6 {[%clk 00:05:26]} {[%emt
00:00:34]} 20. Qe3 {[%clk 00:47:49]} {[%emt 00:00:44]} Kg7 {[%clk 00:04:01]}
{[%emt 00:01:57]} 21. Re1 {[%clk 00:47:44]} {[%emt 00:00:34]} Rfe8 {[%clk
00:02:44]} {[%emt 00:01:47]} 22. f4 {[%clk 00:46:48]} {[%emt 00:01:26]} Rad8
{[%clk 00:02:12]} {[%emt 00:01:02]} 23. Bb3 {[%clk 00:45:09]} {[%emt 00:02:09]}
Qd6 {[%clk 00:01:15]} {[%emt 00:01:28]} 24. Qc3 {[%clk 00:44:10]} {[%emt
00:01:28]} Qf6 {[%clk 00:00:51]} {[%emt 00:00:55]} 25. h3 {[%clk 00:43:28]}
{[%emt 00:01:12]} h5 {[%clk 00:00:51]} {[%emt 00:00:30]} 26. d5 {[%clk
00:42:45]} {[%emt 00:01:11]} cxd5 {[%clk 00:00:42]} {[%emt 00:00:41]} 27. Bxd5
{[%clk 00:43:03]} {[%emt 00:00:12]} b5 {[%clk 00:00:44]} {[%emt 00:00:28]} 28.
R1e4 {[%clk 00:42:13]} {[%emt 00:01:18]} Rc8 {[%clk 00:00:48]} {[%emt
00:00:27]} 29. Qe3 {[%clk 00:41:27]} {[%emt 00:01:15]} Qb6 {[%clk 00:00:42]}
{[%emt 00:00:37]} 30. Qxb6 {[%clk 00:38:40]} {[%emt 00:03:18]} axb6 {[%clk
00:01:08]} {[%emt 00:00:04]} 31. b4 {[%clk 00:37:14]} {[%emt 00:01:55]} Rxe5
{[%clk 00:00:52]} {[%emt 00:00:47]} 32. Rxe5 {[%clk 00:37:12]} {[%emt
00:00:31]} Kf6 {[%clk 00:00:57]} {[%emt 00:00:26]} 33. Kf2 {[%clk 00:35:55]}
{[%emt 00:01:47]} Rc2+ {[%clk 00:00:50]} {[%emt 00:00:37]} 34. Kg3 {[%clk
00:35:25]} {[%emt 00:00:59]} Rb2 {[%clk 00:01:03]} {[%emt 00:00:18]} 35. Bb3
{[%clk 00:35:24]} {[%emt 00:00:30]} Bc6 {[%clk 00:01:09]} {[%emt 00:00:25]} 36.
Bd5 {[%clk 00:34:29]} {[%emt 00:01:25]} Bxd5 {[%clk 00:01:03]} {[%emt
00:00:36]} 37. Rxd5 {[%clk 00:34:51]} {[%emt 00:00:07]} Rxb4 {[%clk 00:01:15]}
{[%emt 00:00:18]} 1/2-1/2

[Event "DVM U20 2020"]
[Site "Willingen GER"]
[Date "2021.06.27"]
[Round "7"]
[White "Jahrke, Jonas"]
[Black "Habersetzer, Elyse"]
[Result "1/2-1/2"]
[Termination "normal"]
[Board "8.6"]
[WhiteElo "1837"]
[BlackElo "1602"]
[WhiteClock "00:42:02"]
[BlackClock "00:25:01"]
[WhiteTeam "Schachfreunde Essen-Katernberg"]
[BlackTeam "Schachklub Münster 32 e. V."]
[PlyCount "110"]
[WhiteFideId "12984353"]
[BlackFideId "16222288"]
[EventCountry "GER"]
[EventRounds "7"]
[EventType "team-swiss"]
[EventDate "2021.06.23"]

1. e4 {[%clk 01:30:54]} {[%emt 00:00:05]} e6 {[%clk 01:30:52]} {[%emt
00:00:09]} 2. d4 {[%clk 01:31:19]} {[%emt 00:00:04]} d5 {[%clk 01:31:18]}
{[%emt 00:00:04]} 3. Nd2 {[%clk 01:31:42]} {[%emt 00:00:07]} dxe4 {[%clk
01:31:42]} {[%emt 00:00:06]} 4. Nxe4 {[%clk 01:32:01]} {[%emt 00:00:11]} Nd7
{[%clk 01:32:08]} {[%emt 00:00:05]} 5. Nf3 {[%clk 01:32:01]} {[%emt 00:00:29]}
Ngf6 {[%clk 01:32:31]} {[%emt 00:00:08]} 6. Nxf6+ {[%clk 01:32:21]} {[%emt
00:00:10]} Nxf6 {[%clk 01:32:56]} {[%emt 00:00:04]} 7. c3 {[%clk 01:32:36]}
{[%emt 00:00:16]} Be7 {[%clk 01:31:41]} {[%emt 00:01:45]} 8. Ne5 {[%clk
01:26:59]} {[%emt 00:06:07]} O-O {[%clk 01:29:17]} {[%emt 00:02:54]} 9. Bd3
{[%clk 01:24:44]} {[%emt 00:02:45]} c5 {[%clk 01:26:55]} {[%emt 00:02:52]} 10.
dxc5 {[%clk 01:22:34]} {[%emt 00:02:40]} Bxc5 {[%clk 01:26:49]} {[%emt
00:00:36]} 11. O-O {[%clk 01:22:31]} {[%emt 00:00:33]} Qd5 {[%clk 01:22:20]}
{[%emt 00:04:59]} 12. Bf4 {[%clk 01:19:20]} {[%emt 00:03:40]} a6 {[%clk
01:16:16]} {[%emt 00:06:34]} 13. Qe2 {[%clk 01:17:56]} {[%emt 00:01:54]} Bd6
{[%clk 01:10:01]} {[%emt 00:06:46]} 14. Rfd1 {[%clk 01:15:35]} {[%emt
00:02:50]} Qc5 {[%clk 01:08:15]} {[%emt 00:02:17]} 15. Bc2 {[%clk 01:12:26]}
{[%emt 00:03:38]} Be7 {[%clk 01:05:44]} {[%emt 00:03:01]} 16. Rd3 {[%clk
01:02:58]} {[%emt 00:09:59]} b5 {[%clk 01:01:25]} {[%emt 00:04:49]} 17. Rh3
{[%clk 00:59:58]} {[%emt 00:03:29]} g6 {[%clk 01:00:23]} {[%emt 00:01:33]} 18.
Ng4 {[%clk 00:54:52]} {[%emt 00:05:36]} Nxg4 {[%clk 00:56:44]} {[%emt
00:04:08]} 19. Qxg4 {[%clk 00:55:01]} {[%emt 00:00:21]} e5 {[%clk 00:56:52]}
{[%emt 00:00:23]} 20. Qf3 {[%clk 00:49:51]} {[%emt 00:05:40]} Bxh3 {[%clk
00:55:43]} {[%emt 00:01:39]} 21. Be3 {[%clk 00:50:01]} {[%emt 00:00:20]} Bxg2
{[%clk 00:51:31]} {[%emt 00:04:42]} 22. Kxg2 {[%clk 00:47:21]} {[%emt
00:03:10]} Qc7 {[%clk 00:48:04]} {[%emt 00:03:57]} 23. h4 {[%clk 00:43:56]}
{[%emt 00:03:55]} Rac8 {[%clk 00:26:11]} {[%emt 00:22:23]} 24. h5 {[%clk
00:42:04]} {[%emt 00:02:22]} Qc6 {[%clk 00:25:12]} {[%emt 00:01:30]} 25. Be4
{[%clk 00:42:25]} {[%emt 00:00:08]} Qf6 {[%clk 00:25:03]} {[%emt 00:00:39]} 26.
Qh3 {[%clk 00:41:04]} {[%emt 00:01:51]} Bc5 {[%clk 00:21:43]} {[%emt 00:03:50]}
27. hxg6 {[%clk 00:37:24]} {[%emt 00:04:10]} fxg6 {[%clk 00:21:27]} {[%emt
00:00:46]} 28. Bd5+ {[%clk 00:37:09]} {[%emt 00:00:45]} Kh8 {[%clk 00:21:26]}
{[%emt 00:00:31]} 29. Qxh7+ {[%clk 00:36:13]} {[%emt 00:01:26]} Kxh7 {[%clk
00:21:26]} {[%emt 00:00:30]} 30. Rh1+ {[%clk 00:36:37]} {[%emt 00:00:04]} Qh4
{[%clk 00:21:05]} {[%emt 00:00:53]} 31. Rxh4+ {[%clk 00:36:27]} {[%emt
00:00:39]} Kg7 {[%clk 00:21:24]} {[%emt 00:00:11]} 32. Bh6+ {[%clk 00:36:28]}
{[%emt 00:00:29]} Kf6 {[%clk 00:21:46]} {[%emt 00:00:09]} 33. Bxf8 {[%clk
00:36:42]} {[%emt 00:00:16]} Rxf8 {[%clk 00:22:02]} {[%emt 00:00:14]} 34. Rh3
{[%clk 00:34:23]} {[%emt 00:02:48]} Rd8 {[%clk 00:20:47]} {[%emt 00:01:45]} 35.
Rd3 {[%clk 00:34:01]} {[%emt 00:00:53]} a5 {[%clk 00:15:45]} {[%emt 00:05:32]}
36. Kg3 {[%clk 00:29:14]} {[%emt 00:05:16]} Kg5 {[%clk 00:14:58]} {[%emt
00:01:17]} 37. Kg2 {[%clk 00:24:10]} {[%emt 00:05:34]} Rf8 {[%clk 00:12:39]}
{[%emt 00:02:50]} 38. f3 {[%clk 00:18:29]} {[%emt 00:06:11]} Rd8 {[%clk
00:10:30]} {[%emt 00:02:39]} 39. Kg3 {[%clk 00:17:16]} {[%emt 00:01:43]} Bd6
{[%clk 00:08:40]} {[%emt 00:02:21]} 40. Be4 {[%clk 00:16:15]} {[%emt 00:01:31]}
Bc7 {[%clk 00:05:45]} {[%emt 00:03:26]} 41. Rxd8 {[%clk 00:14:51]} {[%emt
00:01:54]} Bxd8 {[%clk 00:02:57]} {[%emt 00:03:17]} 42. a3 {[%clk 00:15:14]}
{[%emt 00:00:08]} Be7 {[%clk 00:03:11]} {[%emt 00:00:16]} 43. b4 {[%clk
00:15:31]} {[%emt 00:00:13]} axb4 {[%clk 00:02:24]} {[%emt 00:01:17]} 44. cxb4
{[%clk 00:15:12]} {[%emt 00:00:49]} Bd6 {[%clk 00:00:50]} {[%emt 00:02:04]} 45.
Kf2 {[%clk 00:12:56]} {[%emt 00:02:45]} Bc7 {[%clk 00:26:27]} {[%emt 00:04:53]}
46. Bd3 {[%clk 00:41:39]} {[%emt 00:01:47]} Bb6+ {[%clk 00:25:43]} {[%emt
00:01:14]} 47. Ke2 {[%clk 00:42:01]} {[%emt 00:00:07]} Bd4 {[%clk 00:25:56]}
{[%emt 00:00:17]} 48. Bxb5 {[%clk 00:42:13]} {[%emt 00:00:17]} Bb2 {[%clk
00:26:19]} {[%emt 00:00:08]} 49. a4 {[%clk 00:41:11]} {[%emt 00:01:34]} Bc3
{[%clk 00:26:25]} {[%emt 00:00:23]} 50. a5 {[%clk 00:41:25]} {[%emt 00:00:16]}
Bxb4 {[%clk 00:26:49]} {[%emt 00:00:06]} 51. a6 {[%clk 00:41:49]} {[%emt
00:00:06]} Bc5 {[%clk 00:27:15]} {[%emt 00:00:04]} 52. Bd3 {[%clk 00:42:01]}
{[%emt 00:00:17]} Bd4 {[%clk 00:25:14]} {[%emt 00:02:32]} 53. Be4 {[%clk
00:42:01]} {[%emt 00:00:29]} Ba7 {[%clk 00:24:42]} {[%emt 00:01:02]} 54. Kd3
{[%clk 00:42:20]} {[%emt 00:00:11]} Kf4 {[%clk 00:24:53]} {[%emt 00:00:18]} 55.
Kc4 {[%clk 00:42:02]} {[%emt 00:00:48]} g5 {[%clk 00:25:01]} {[%emt 00:00:23]}
1/2-1/2